| 000 | 00000nam##2200000za#4500 |
| 001 | 9.559068 |
| 003 | CaOODSP |
| 005 | 20210624172709 |
| 007 | cr ||||||||||| |
| 008 | 150406|2004||||xxc|||||o f|0| 0 eng|d |
| 020 | |a0-662-37748-6 |
| 040 | |aCaOODSP|beng |
| 043 | |an-cn--- |
| 086 | 1 |aHS3-1/603-07-04E-PDF |
| 110 | 1 |aCanada. |bHuman Resources and Skills Development Canada. |
| 245 | 10|aAudit of management of personal information |h[electronic resource] |
| 260 | |aOttawa - Ontario : |bHuman Resources and Skills Development Canada |cMay 2004. |
| 300 | |a59p.|bfig., tables |
| 490 | 1 |aStrategic policy working paper |vSP-603-07-04E |
| 590 | |a11-27-Supp|b2011-11-15 |
| 690 | 07|aPersonal information|2gcpds |
| 775 | 08|tVérification de la gestion des renseignements personnels |w(CaOODSP)9.591882 |
| 830 | #0|aStrategic policy working paper ;|vSP-603-07-04E|w(CaOODSP)9.504774 |
| 856 | 40|ahttp://publications.gc.ca|qPDF|s1.03 MB|uhttps://publications.gc.ca/collections/collection_2011/rhdcc-hrsdc/HS3-1-603-07-04-eng.pdf|ySP-603-07-04E |